Andrây Bôncônxki - Con đường gian khổ tìm kiếm lý tưởng nhân dân trong "Chiến tranh và Hòa Bình" của Lep.Tônxtôi
Tallennettuna:
| Päätekijä: | |
|---|---|
| Muut tekijät: | |
| Aineistotyyppi: | Kirja |
| Kieli: | Vietnamese |
| Julkaistu: |
Đà Nẵng,
1993.
|
| Aiheet: | |
| Tagit: |
Lisää tagi
Ei tageja, Lisää ensimmäinen tagi!
|
| Thư viện lưu trữ: | Mạng thư viện Đại học Đà Nẵng |
|---|
| LEADER | 01151cmm a2200373 i 4500 | ||
|---|---|---|---|
| 001 | 000044824 | ||
| 003 | 3234 | ||
| 005 | 20040322105010.0 | ||
| 008 | 010312b1993 vm 000 vie | ||
| 040 | |a IRC |c IRC |d IRC | ||
| 041 | 0 | |a vie | |
| 082 | 1 | 4 | |a 891.733 |b LÔ-B |
| 100 | 1 | |a Lô Sơn Bắc. | |
| 245 | 0 | 0 | |a Andrây Bôncônxki - Con đường gian khổ tìm kiếm lý tưởng nhân dân trong "Chiến tranh và Hòa Bình" của Lep.Tônxtôi |h [Thesis-Luận văn] / |c Lô Sơn Bắc thực hiện ; Dương Quỳnh Hương hướng dẫn. |
| 260 | |a Đà Nẵng, |c 1993. | ||
| 300 | |a 13tr. ; |c 28.5cm. | ||
| 630 | 0 | 4 | |a Phê bình văn học. |
| 630 | 0 | 4 | |a Văn học Nga. |
| 630 | 0 | 4 | |a Nga ngữ. |
| 630 | 0 | 4 | |a Lep. Tônxtôi. |
| 630 | 0 | 4 | |a Chiến tranh và hoà bình. |
| 650 | 0 | 4 | |a Văn học |x Phê bình. |
| 650 | 0 | 4 | |a Văn học Nga. |
| 700 | 1 | |a Dương Quỳnh Hương, |e hướng dẫn. | |
| OWN | |a DUT | ||
| 999 | |a From the UDN01 | ||
| TYP | |a Computer file | ||
| TYP | |a Monograph | ||
| 980 | |a Mạng thư viện Đại học Đà Nẵng | ||